000 00295nam a22001337a 4500
008 171014b xxu||||| |||| 00| 0 eng d
020 _a9781429231183
041 _aeng
080 _a33
100 _a52
101 _aEKO
245 _aINTERNATIONAL ECONOMICS
_cFEENSTRA, R.C
942 _2udc
_cBK
999 _c33966
_d33966